Регионална библиотека "Любен Каравелов" - Русе

Бягство от библиотеката на господин Лимончело (Запис номер 345610)

MARC детайли
000 -Лидер
Контролно поле с фиксирана дължина 01487nam a2200385 c 4500
003 - Код на организацията, давaща контролен номер
Контролно поле BLK
005 - Дата и час на последна редакция
Контролно поле 20201007040625.0
008 - Елементи от данни с фиксирана дължина
fixed length control field 180411b bul|||||r ||||||| ||bul||
010 ## - Наследен системен номер
LC control number KNG00202029000
020 ## - Международен стандартен номер на книга ISBN
Международен стандартен номер на книга ISBN 978-954-28-2370-4
040 ## - Източник на каталожния запис
Идентификатор на билиотеката - собственик на записа BLK
041 ## - Код за език
Код за езика на текст/звукозапис или на отделно заглавие Български
Код за езика КДБФ Български
072 #7 - Код за тематичната категория
Код организация bullib
Код за тематична категория Н85
Текст Детска художествена литература Н
080 ## - УДК
Текстов определител УДК Американска литература (на САЩ)
УДК код - определител по УДК 821.111(73)
УДК определител -93-31
УДК - код + определител 821.111(73)-93-31
100 ## - Редна дума - Автор
Автор Грабенстайн, Крис
Авторска отговорност първи автор
R(LIN) 1299
139 ## - Редно поле
Редна дума Грабенстайн, Крис
Авторски знак Гра - Г 74
245 10 - Сведения за заглавието
Заглавие Бягство от библиотеката на господин Лимончело
Редно поле (дума) Крис Грабенстайн; прев. от англ. Борислав Стефанов.
257 ## - Страна на издаване
Страна на създаване/издаване Съединени американски щати
260 ## - Област на издателските данни
Име на издателя, разпространителя и проч. Сиела Софт енд Паблишинг
Година на издаване 2019
9 (RLIN) 209491
Място на издаване, разпространение и проч. София
Издателство - префикс ISBN 978-954-649- ; 978-954-28-
300 ## - Физическа характеристика
Страници 280 с.
Размери/Мащаб 20 см
380 ## - Жанр
Жанр Детска худож. лит.
490 1# - СЕРИИ (Колекции)
Име на серия Сиела тийн
500 ## - Общи забележки
Забележка Ориг. загл. Escape from Mr. Lemoncello's Library / Chris Grabenstein.
653 ## - Ключова дума – ненормативна
Ключова дума литература за деца
653 ## - Ключова дума – ненормативна
Ключова дума детска литература
659 ## - Тематичен бюлетин
Тематичен бюлетин Н
700 1# - Други автори (авторска отговорност)
Лично име Стефанов, Борислав
Автороска отговорност (Описва отношението между автора и произведението) прев. от англ.
9 (RLIN) 382464
856 4# - Електронен адрес и достъп
Електронен формат pdf - файл
856 4# - Електронен адрес и достъп
Електронен формат pdf - файл
999 ## - СИСТЕМНИ КОНТРОЛНИ НОМЕРА
Koha biblionumber 345610
Koha biblioitemnumber 345610
942 ## - АРТИКУЛИ
Вид на библиотечния материал Книги
Скрит в OPAC Не
Периодичен библиозапис Да
Koha issues (borrowed), all copies 1
944 ## - СЪЗДАВАНЕ И РЕДАКЦИЯ на ЗАПИСА
Създаване/Редакция Създаване
Дата на регистрацията/редакция 01.03.2017
Статус, дата на статуса ф /
Служител, извършил регистрацията/редакцията Виолета_Тройчева
944 ## - СЪЗДАВАНЕ И РЕДАКЦИЯ на ЗАПИСА
Създаване/Редакция Редакция
Дата на регистрацията/редакция 02.03.2017
Статус, дата на статуса ф /
Служител, извършил регистрацията/редакцията Людмила_Стоянова
999 ## - СИСТЕМНИ КОНТРОЛНИ НОМЕРА
Koha biblioitemnumber 345610
999 ## - СИСТЕМНИ КОНТРОЛНИ НОМЕРА
Koha biblioitemnumber 192820
Наличности
Код за отписване Код за изгубен артикул Източник на класификационната схема Код за повреда Коз за рестрикции Код за отдаване Артикулен № Име на библиотеката - собственик Име на библиотеката, в която се намира в момента Статус (Текущо местоположение) Дата на вписване в системата Местоположение - отдел Цена в лева Систематично азбучна сигнатура Баркод Цена в евро Служебен тип на артикула
  Не е изгубен Universal Decimal Classification Не е повреден без рестрикции заемане за дома 748138 Регионална библиотека "Любен Каравелов" Русе Регионална библиотека "Любен Каравелов" Русе Детски отдел 2019-10-24 Детски отдел 11.83 ДХ 820/899/Г 74 120000837037 6.05 Книги
  Не е изгубен Universal Decimal Classification Не е повреден без рестрикции заемане за дома 748139 Регионална библиотека "Любен Каравелов" Русе Регионална библиотека "Любен Каравелов" Русе Детски отдел 2019-10-24 Детски отдел 11.83 ДХ 820/899/Г 74 120000837038 6.05 Книги
Vip Innovations Ltd, Rousse, Bulgaria 2025